<?xml version="1.0" encoding="UTF-8"?><marc:collection xmlns:marc="http://www.loc.gov/MARC21/slim">
  <marc:record>
    <marc:leader>04276nas a2200697 c 4500</marc:leader>
    <marc:controlfield tag="001">010003347</marc:controlfield>
    <marc:controlfield tag="003">DE-101</marc:controlfield>
    <marc:controlfield tag="005">20250311211102.0</marc:controlfield>
    <marc:controlfield tag="007">tu</marc:controlfield>
    <marc:controlfield tag="008">991118c19519999gw m||p|  ||| 0||||1ger c</marc:controlfield>
    <marc:datafield tag="015" ind1=" " ind2=" ">
      <marc:subfield code="a">75,B03,0311</marc:subfield>
      <marc:subfield code="2">dnb</marc:subfield>
    </marc:datafield>
    <marc:datafield tag="016" ind1="7" ind2=" ">
      <marc:subfield code="2">DE-600</marc:subfield>
      <marc:subfield code="a">403-0</marc:subfield>
    </marc:datafield>
    <marc:datafield tag="016" ind1="7" ind2=" ">
      <marc:subfield code="2">DE-101</marc:subfield>
      <marc:subfield code="a">010003347</marc:subfield>
    </marc:datafield>
    <marc:datafield tag="022" ind1=" " ind2=" ">
      <marc:subfield code="a">0490-1606</marc:subfield>
    </marc:datafield>
    <marc:datafield tag="022" ind1=" " ind2=" ">
      <marc:subfield code="a">0490-1606</marc:subfield>
      <marc:subfield code="2">6</marc:subfield>
    </marc:datafield>
    <marc:datafield tag="030" ind1=" " ind2=" ">
      <marc:subfield code="a">SOZAA</marc:subfield>
    </marc:datafield>
    <marc:datafield tag="035" ind1=" " ind2=" ">
      <marc:subfield code="a">(DE-599)ZDB403-0</marc:subfield>
    </marc:datafield>
    <marc:datafield tag="035" ind1=" " ind2=" ">
      <marc:subfield code="a">(OCoLC)1367282277</marc:subfield>
    </marc:datafield>
    <marc:datafield tag="040" ind1=" " ind2=" ">
      <marc:subfield code="a">9001</marc:subfield>
      <marc:subfield code="b">ger</marc:subfield>
      <marc:subfield code="c">DE-101</marc:subfield>
      <marc:subfield code="d">9999</marc:subfield>
    </marc:datafield>
    <marc:datafield tag="041" ind1=" " ind2=" ">
      <marc:subfield code="a">ger</marc:subfield>
    </marc:datafield>
    <marc:datafield tag="042" ind1=" " ind2=" ">
      <marc:subfield code="a">zdb</marc:subfield>
    </marc:datafield>
    <marc:datafield tag="044" ind1=" " ind2=" ">
      <marc:subfield code="c">XA-DE</marc:subfield>
    </marc:datafield>
    <marc:datafield tag="082" ind1="7" ind2="4">
      <marc:subfield code="a">360</marc:subfield>
      <marc:subfield code="q">DE-101</marc:subfield>
      <marc:subfield code="2">22sdnb</marc:subfield>
    </marc:datafield>
    <marc:datafield tag="083" ind1="7" ind2=" ">
      <marc:subfield code="a">360</marc:subfield>
      <marc:subfield code="q">DE-600</marc:subfield>
      <marc:subfield code="2">22sdnb</marc:subfield>
    </marc:datafield>
    <marc:datafield tag="084" ind1=" " ind2=" ">
      <marc:subfield code="a">3,4</marc:subfield>
      <marc:subfield code="a">20,1</marc:subfield>
      <marc:subfield code="2">ssgn</marc:subfield>
    </marc:datafield>
    <marc:datafield tag="084" ind1=" " ind2=" ">
      <marc:subfield code="a">630</marc:subfield>
      <marc:subfield code="a">120</marc:subfield>
      <marc:subfield code="a">650</marc:subfield>
      <marc:subfield code="2">rpb</marc:subfield>
    </marc:datafield>
    <marc:datafield tag="084" ind1=" " ind2=" ">
      <marc:subfield code="a">DA 1000</marc:subfield>
      <marc:subfield code="a">PF 100</marc:subfield>
      <marc:subfield code="2">rvk</marc:subfield>
    </marc:datafield>
    <marc:datafield tag="210" ind1="0" ind2="0">
      <marc:subfield code="a">SOZ. ARBEIT</marc:subfield>
    </marc:datafield>
    <marc:datafield tag="222" ind1=" " ind2="0">
      <marc:subfield code="a">Soziale Arbeit</marc:subfield>
    </marc:datafield>
    <marc:datafield tag="245" ind1="0" ind2="0">
      <marc:subfield code="a">Soziale Arbeit</marc:subfield>
      <marc:subfield code="b">Zeitschrift für soziale und sozialverwandte Gebiete</marc:subfield>
      <marc:subfield code="c">Herausgebende: Deutsches Zentralinstitut für soziale Fragen und die Senatsverwaltung für Arbeit, Soziales, Gleichstellung, Integration, Vielfalt und Antidiskriminierung des Landes Berlin</marc:subfield>
    </marc:datafield>
    <marc:datafield tag="264" ind1="3" ind2="1">
      <marc:subfield code="a">Baden-Baden</marc:subfield>
      <marc:subfield code="b">Nomos Verlag</marc:subfield>
      <marc:subfield code="c">[1951]-</marc:subfield>
    </marc:datafield>
    <marc:datafield tag="264" ind1=" " ind2="1">
      <marc:subfield code="3">1972-2021</marc:subfield>
      <marc:subfield code="a">Berlin</marc:subfield>
      <marc:subfield code="b">DZI</marc:subfield>
    </marc:datafield>
    <marc:datafield tag="264" ind1=" " ind2="1">
      <marc:subfield code="3">1971</marc:subfield>
      <marc:subfield code="a">Berlin</marc:subfield>
      <marc:subfield code="b">Dt. Zentralinst. für Soziale Fragen und Senatsverw. für Gesundheit und Soziales des Landes Berlin</marc:subfield>
    </marc:datafield>
    <marc:datafield tag="264" ind1=" " ind2="1">
      <marc:subfield code="3">1951-1971</marc:subfield>
      <marc:subfield code="a">München</marc:subfield>
      <marc:subfield code="b">Verlag Franz Vahlen</marc:subfield>
    </marc:datafield>
    <marc:datafield tag="336" ind1=" " ind2=" ">
      <marc:subfield code="a">Text</marc:subfield>
      <marc:subfield code="b">txt</marc:subfield>
      <marc:subfield code="2">rdacontent</marc:subfield>
    </marc:datafield>
    <marc:datafield tag="337" ind1=" " ind2=" ">
      <marc:subfield code="a">ohne Hilfsmittel zu benutzen</marc:subfield>
      <marc:subfield code="b">n</marc:subfield>
      <marc:subfield code="2">rdamedia</marc:subfield>
    </marc:datafield>
    <marc:datafield tag="338" ind1=" " ind2=" ">
      <marc:subfield code="a">Band</marc:subfield>
      <marc:subfield code="b">nc</marc:subfield>
      <marc:subfield code="2">rdacarrier</marc:subfield>
    </marc:datafield>
    <marc:datafield tag="362" ind1="0" ind2=" ">
      <marc:subfield code="a">1.1951/52; 2.1953 -</marc:subfield>
    </marc:datafield>
    <marc:datafield tag="363" ind1="0" ind2="1">
      <marc:subfield code="8">1.1\x</marc:subfield>
      <marc:subfield code="a">1</marc:subfield>
      <marc:subfield code="i">1951</marc:subfield>
    </marc:datafield>
    <marc:datafield tag="500" ind1=" " ind2=" ">
      <marc:subfield code="a">Herausgeber früher: Deutsches Zentralinstitut für Soziale Fragen und Senatsverwaltung für Gesundheit und Soziales des Landes Berlin</marc:subfield>
    </marc:datafield>
    <marc:datafield tag="500" ind1=" " ind2=" ">
      <marc:subfield code="a">2. herausgebendes Organ 56 (2006)-72. Jahrgang, 10 (2023): Senatsverwaltung für Integration, Arbeit und Soziales</marc:subfield>
    </marc:datafield>
    <marc:datafield tag="515" ind1=" " ind2=" ">
      <marc:subfield code="a">Ersch. 11x jährl.</marc:subfield>
    </marc:datafield>
    <marc:datafield tag="550" ind1=" " ind2=" ">
      <marc:subfield code="a">Beteil. Körp. anfangs: Senator für Sozialwesen; teils: Senator für Arbeit und Soziales; teils: Senator für Gesundheit, Soziales und Familie; teils bis 40.1991: Senator für Gesundheit und Soziales; 41.1992 - 45.1996,2: Senatsverwaltung für Soziales; 45.1996,3 - 49.2000: Senatsverwaltung für Gesundheit und Soziales; teils: Senatsverwaltung für Arbeit, Soziales und Frauen; 2. beteil. Körp. anfangs: Archiv für Wohlfahrtspflege; 3. beteil. Körp. anfangs: Arbeitsgemeinschaft für Öffentliche und Freie Wohlfahrtspflege; beteil. Körp. 50.2001 - 55.2006,11: Deutsches Zentralinstitut für Soziale Fragen und Senatsverwaltung für Gesundheit, Soziales und Verbraucherschutz des Landes Berlin</marc:subfield>
    </marc:datafield>
    <marc:datafield tag="583" ind1="1" ind2=" ">
      <marc:subfield code="a">Archivierung/Langzeitarchivierung gewährleistet</marc:subfield>
      <marc:subfield code="f">PEBW</marc:subfield>
      <marc:subfield code="5">DE-31</marc:subfield>
      <marc:subfield code="2">pdager</marc:subfield>
    </marc:datafield>
    <marc:datafield tag="650" ind1=" " ind2="7">
      <marc:subfield code="0">(DE-588)4055676-1</marc:subfield>
      <marc:subfield code="0">https://d-nb.info/gnd/4055676-1</marc:subfield>
      <marc:subfield code="0">(DE-101)04055676X</marc:subfield>
      <marc:subfield code="a">Sozialarbeit</marc:subfield>
      <marc:subfield code="9">rswk-swf</marc:subfield>
      <marc:subfield code="2">gnd</marc:subfield>
    </marc:datafield>
    <marc:datafield tag="650" ind1=" " ind2="7">
      <marc:subfield code="a">Sozialarbeit</marc:subfield>
      <marc:subfield code="x">Periodika</marc:subfield>
      <marc:subfield code="2">local</marc:subfield>
    </marc:datafield>
    <marc:datafield tag="650" ind1=" " ind2="7">
      <marc:subfield code="a">Sozialhilfe</marc:subfield>
      <marc:subfield code="x">Periodika</marc:subfield>
      <marc:subfield code="2">local</marc:subfield>
    </marc:datafield>
    <marc:datafield tag="650" ind1=" " ind2="7">
      <marc:subfield code="8">2\p</marc:subfield>
      <marc:subfield code="0">(DE-588)4055676-1</marc:subfield>
      <marc:subfield code="0">https://d-nb.info/gnd/4055676-1</marc:subfield>
      <marc:subfield code="0">(DE-101)04055676X</marc:subfield>
      <marc:subfield code="a">Sozialarbeit</marc:subfield>
      <marc:subfield code="2">gnd</marc:subfield>
    </marc:datafield>
    <marc:datafield tag="650" ind1=" " ind2="7">
      <marc:subfield code="8">3\p</marc:subfield>
      <marc:subfield code="0">(DE-588)4055776-5</marc:subfield>
      <marc:subfield code="0">https://d-nb.info/gnd/4055776-5</marc:subfield>
      <marc:subfield code="0">(DE-101)040557766</marc:subfield>
      <marc:subfield code="a">Sozialhilfe</marc:subfield>
      <marc:subfield code="2">gnd</marc:subfield>
    </marc:datafield>
    <marc:datafield tag="655" ind1=" " ind2="7">
      <marc:subfield code="0">(DE-588)4067488-5</marc:subfield>
      <marc:subfield code="0">https://d-nb.info/gnd/4067488-5</marc:subfield>
      <marc:subfield code="0">(DE-101)040674886</marc:subfield>
      <marc:subfield code="a">Zeitschrift</marc:subfield>
      <marc:subfield code="2">gnd-content</marc:subfield>
    </marc:datafield>
    <marc:datafield tag="689" ind1="0" ind2="0">
      <marc:subfield code="0">(DE-588)4055676-1</marc:subfield>
      <marc:subfield code="0">https://d-nb.info/gnd/4055676-1</marc:subfield>
      <marc:subfield code="0">(DE-101)04055676X</marc:subfield>
      <marc:subfield code="D">s</marc:subfield>
      <marc:subfield code="a">Sozialarbeit</marc:subfield>
    </marc:datafield>
    <marc:datafield tag="689" ind1="0" ind2=" ">
      <marc:subfield code="5">DE-600</marc:subfield>
      <marc:subfield code="5">DE-600</marc:subfield>
    </marc:datafield>
    <marc:datafield tag="770" ind1="0" ind2="8">
      <marc:subfield code="i">Supplement</marc:subfield>
      <marc:subfield code="n">1976 Sonderbeil.</marc:subfield>
      <marc:subfield code="t">Zeitschriftenbibliographie Gerontologie / Monatsausgabe. [Monatsausgabe]</marc:subfield>
      <marc:subfield code="d">Berlin : Dt. Zentrum für Altersfragen, 1982-1997</marc:subfield>
      <marc:subfield code="x">0721-1872</marc:subfield>
      <marc:subfield code="w">(DE-600)1098678-9</marc:subfield>
      <marc:subfield code="w">(DE-101)016289560</marc:subfield>
    </marc:datafield>
    <marc:datafield tag="770" ind1="0" ind2="8">
      <marc:subfield code="i">Supplement</marc:subfield>
      <marc:subfield code="n">1976 Sonderbeil.</marc:subfield>
      <marc:subfield code="t">Zeitschriftenbibliographie Gerontologie / Jahresausgabe</marc:subfield>
      <marc:subfield code="d">Berlin : Dt. Zentrum, 1976-1996</marc:subfield>
      <marc:subfield code="x">0721-1872</marc:subfield>
      <marc:subfield code="w">(DE-600)555414-7</marc:subfield>
      <marc:subfield code="w">(DE-101)013073346</marc:subfield>
    </marc:datafield>
    <marc:datafield tag="776" ind1="0" ind2="8">
      <marc:subfield code="i">Erscheint auch als</marc:subfield>
      <marc:subfield code="n">Online-Ausgabe</marc:subfield>
      <marc:subfield code="t">Soziale Arbeit</marc:subfield>
      <marc:subfield code="d">Baden-Baden : Nomos, [2005]-</marc:subfield>
      <marc:subfield code="h">Online-Ressource</marc:subfield>
      <marc:subfield code="x">2942-3406</marc:subfield>
      <marc:subfield code="w">(DE-600)2779605-X</marc:subfield>
      <marc:subfield code="w">(DE-101)1054338981</marc:subfield>
    </marc:datafield>
    <marc:datafield tag="780" ind1="0" ind2="5">
      <marc:subfield code="i">Darin aufgegangen</marc:subfield>
      <marc:subfield code="t">Materialien zu einer Sozialgeschichte der Sozialpolitik</marc:subfield>
      <marc:subfield code="d">Bremen : Univ., 1981-1981</marc:subfield>
      <marc:subfield code="w">(DE-600)797063-8</marc:subfield>
      <marc:subfield code="w">(DE-101)01441208X</marc:subfield>
    </marc:datafield>
    <marc:datafield tag="850" ind1=" " ind2=" ">
      <marc:subfield code="a">DE-101a</marc:subfield>
      <marc:subfield code="a">DE-101b</marc:subfield>
    </marc:datafield>
    <marc:datafield tag="883" ind1="1" ind2=" ">
      <marc:subfield code="8">2\p</marc:subfield>
      <marc:subfield code="a">kasw</marc:subfield>
      <marc:subfield code="c">1,000</marc:subfield>
      <marc:subfield code="d">20230807</marc:subfield>
      <marc:subfield code="q">DE-101</marc:subfield>
      <marc:subfield code="u">https://d-nb.info/provenance/plan#kasw</marc:subfield>
    </marc:datafield>
    <marc:datafield tag="883" ind1="1" ind2=" ">
      <marc:subfield code="8">3\p</marc:subfield>
      <marc:subfield code="a">kasw</marc:subfield>
      <marc:subfield code="c">1,000</marc:subfield>
      <marc:subfield code="d">20230807</marc:subfield>
      <marc:subfield code="q">DE-101</marc:subfield>
      <marc:subfield code="u">https://d-nb.info/provenance/plan#kasw</marc:subfield>
    </marc:datafield>
    <marc:datafield tag="889" ind1=" " ind2=" ">
      <marc:subfield code="w">(DE-101)540405051</marc:subfield>
    </marc:datafield>
    <marc:datafield tag="925" ind1="r" ind2=" ">
      <marc:subfield code="a">rb</marc:subfield>
    </marc:datafield>
  </marc:record>
</marc:collection>
